Statistics for Detroit Pistons All Time Dream Team

Click here to take the quiz!

General Stats

  • This quiz has been taken 423 times
  • The average score is 8 of 13

Answer Stats

HintAnswer% Correct
Starting PGIsiah Thomas
98%
Starting PFBen Wallace
89%
ReserveRasheed Wallace
89%
Starting SGJoe Dumars
84%
Back up PGChauncey Billups
82%
Starting CBill Laimbeer
69%
Back up PFDennis Rodman
69%
Back up SGRichard Hamilton
67%
Starting SFGrant Hill
48%
Back up CBob Lanier
42%
ReserveDave Bing
25%
ReserveJerry Stackhouse
17%
Back up SFKelly Tripucka
5%

Score Distribution

Percentile by Number Answered

Percent of People with Each Score

Your Score History

You have not taken this quiz